<?xml version="1.0" encoding="UTF-8"?>
<marc:record xmlns:marc="http://www.loc.gov/MARC21/slim">
   <marc:leader>00000nam a2200000 a 4500</marc:leader>
   <marc:datafield ind1="1" ind2=" " tag="100">
      <marc:subfield code="a">Øien, Frode Sander</marc:subfield>
      <marc:subfield code="4">aut</marc:subfield>
      <marc:subfield code="e">Verfasser/-in</marc:subfield>
   </marc:datafield>
   <marc:datafield ind1="0" ind2="0" tag="245">
      <marc:subfield code="a">Federgrab</marc:subfield>
   </marc:datafield>
   <marc:datafield ind1=" " ind2="1" tag="264">
      <marc:subfield code="b">Der Hörverlag</marc:subfield>
      <marc:subfield code="c">2018</marc:subfield>
   </marc:datafield>
   <marc:datafield ind1="1" ind2=" " tag="520">
      <marc:subfield code="a">Aus einem Jugendheim bei Oslo verschwindet ein siebzehnjähriges Mädchen. Einige Zeit später wird sie tot im Wald gefunden &amp;#x2013; gebettet auf Federn, umkränzt von einem Pentagramm aus Lichtern und mit einer weißen Blume zwischen den Lippen. Die Ermittlungen von Kommissar Holger Munch und seiner Kollegin Mia Krüger drehen sich im Kreis, bis der IT-Spezialist des Teams von einem mysteriösen Hacker kontaktiert wird. Der zeigt ihm ein verstörendes Video, das neue Details über das Schicksal des Mädchens enthüllt. Und am Rande der Aufnahmen ist der Mörder zu sehen, verkleidet als Eule, der Vogel des Todes &amp;#x2026;Gelesen von Dietmar Wunder.</marc:subfield>
   </marc:datafield>
   <marc:datafield ind1=" " ind2=" " tag="020">
      <marc:subfield code="a">9783442482269</marc:subfield>
      <marc:subfield code="9">9783442482269</marc:subfield>
   </marc:datafield>
</marc:record>
